FID news bulletin

Salvato in:
Dettagli Bibliografici
Natura: Periodico
Lingua:inglese
Pubblicazione: Hague International Federation for Information and Documentation
Tags: Aggiungi Tag
Nessun Tag, puoi essere il primo ad aggiungerne!!

MARC

LEADER 00000nas1a2200000$$$4500
001 0010932
005 20250730114820.0
041 0 |a eng 
044 |a NL 
245 1 0 |a FID news bulletin 
264 1 |a Hague  |b International Federation for Information and Documentation